Lauréats du Ballon d'Or - Statistics

General Stats
  • This quiz has been taken 34 times
    4 since last reset
  • The average score is 51 of 63
Answer Stats
Année Pays Réponse % Correct
2008 Portugal Cristiano Ronaldo
100%
2013 Portugal Cristiano Ronaldo
100%
2014 Portugal Cristiano Ronaldo
100%
2016 Portugal Cristiano Ronaldo
100%
2017 Portugal Cristiano Ronaldo
100%
1968 Irlande du Nord Georges Best
100%
1972 Allemagne Franz Beckenbauer
100%
1976 Allemagne Franz Beckenbauer
100%
1995 Liberia Georges Weah
100%
1971 Pays Bas Johann Cruyff
100%
1973 Pays Bas Johann Cruyff
100%
1974 Pays Bas Johann Cruyff
100%
2007 Brésil Kakà
100%
2022 France Karim Benzema
100%
2009 Argentine Lionel Messi
100%
2010 Argentine Lionel Messi
100%
2011 Argentine Lionel Messi
100%
2012 Argentine Lionel Messi
100%
2015 Argentine Lionel Messi
100%
2019 Argentine Lionel Messi
100%
2021 Argentine Lionel Messi
100%
2023 Argentine Lionel Messi
100%
2000 Portugal Luis Figo
100%
2018 Croatie Luka Modric
100%
1988 Pays Bas Marco Van Basten
100%
1989 Pays Bas Marco Van Basten
100%
1992 Pays Bas Marco Van Basten
100%
1983 France Michel Platini
100%
1984 France Michel Platini
100%
1985 France Michel Platini
100%
2025 France Ousmane Dembélé
100%
2003 République Tchèque Pavel Nedved
100%
1999 Brésil Rivaldo
100%
2024 Espagne Rodri
100%
2005 Brésil Ronaldinho
100%
1997 Brésil Ronaldo
100%
2002 Brésil Ronaldo
100%
1998 France Zinedine Zidane
100%
2006 Italie Fabio Cannavaro
75%
1966 Angleterre Bobby Charlton
75%
1965 Portugal Eusébio
75%
1963 URSS Lev Yachine
75%
1994 Bulgarie Hristo Stoichkov
75%
1991 France Jean-Pierre Papin
75%
1990 Allemagne Lothar Matthäus
75%
2001 Angleterre Michel Owen
75%
2004 Ukraine Andreï Chevchenko
50%
2020 Annulé Annulé
50%
1964 Ecosse Denis Law
50%
1970 Allemagne Gerd Müller
50%
1980 Allemagne Karl-Heinz Rummenigge
50%
1981 Allemagne Karl-Heinz Rummenigge
50%
1978 Angleterre Kevin Keegan
50%
1979 Angleterre Kevin Keegan
50%
1996 Allemagne Matthias Sammer
50%
1993 Italie Roberto Baggio
50%
1987 Pays Bas Ruud Gullit
50%
1977 Danemark Allan Simonsen
25%
1967 Hongrie Florian Albert
25%
1969 Italie Gianni Rivera
25%
1986 URSS Igor Belanov
25%
1982 Italie Paolo Rossi
25%
1975 URSS Oleg Blokhine
0%
No matching quizzes found
Score Distribution
Percent of People with Each Score
Percentile by Number Answered
Your Score History
You have not taken this quiz since the last reset